[Event "EU-ch 2nd"]
[Site "Ohrid"]
[Date "2001.06.06"]
[Round "6"]
[White "Galkin, Alexander"]
[Black "Rabiega, Robert"]
[Result "1-0"]
[WhiteElo "2584"]
[BlackElo "2517"]
[Annotator "Golod,V"]
[PlyCount "113"]
[EventDate "2001.06.01"]
[EventType "swiss"]
[EventRounds "13"]
[EventCountry "YUG"]
[SourceTitle "CBM 084"]
[Source "ChessBase"]
[SourceDate "2001.09.13"]
[SourceVersion "1"]
[SourceVersionDate "2001.09.13"]
[SourceQuality "1"]

{[%mdl 1]} 1. e4 c5 2. Nf3 Nc6 3. d4 cxd4 4. Nxd4 Nf6 5. Nc3 e6 6. Ndb5 Bb4 7.
a3 Bxc3+ 8. Nxc3 d5 9. exd5 {It's main line.} (9. Bd3 $5 {See comments to
Ponomariov,R-Kortschnoj,V/Donetsk,2001/ CBM 81(1/2-1/2) (Golod,V)(63)}) 9...
exd5 10. Bd3 O-O 11. O-O d4 $1 {It's best move.} 12. Ne2 ({Nowadays-} 12. Ne4 {
is not actual.See comments to Leko,P-Timman,J/Wijk aan Zee,2001/CBM 81(1/2-1/2)
(Golod,V)(52)}) 12... Bg4 {Shipov makes the following comments in "Club
Kasparov" to game:Kasparov,G-Grischuk,A/Cannes,2001/CBM 82 (1/2-1/2)(Golod,V)
(58) : "Black provoke white on a move f2-f3,which will weaken a point e3.At a
case, the black bishop passes on g6".} (12... Re8 $5 {See comments to Bosch,
J-Janssen,R/Wijk aan Zee,1999/CBM 69(1/2-1/2)(Golod,V) (37) Besides, 12...Qd5;
12...a6;12...h6;12...Ng4;12...Qd6; and 12...Qb6-was checked in the previous
games.}) 13. f3 {In my opinion,it's most basic decision.} (13. Bg5 {You can
see comments to game: Kasparov,G-Grischuk,A/Cannes,2001/CBM 82 (1/2-1/2)(Golod,
V)(58)}) 13... Bh5 {A well known position for this variation.} 14. b4 $1 {
[%csl Yc6,Rd4][%cal Gc1b2,Gb4b5]} ({A little bit worse is:} 14. Bg5 {See
comments to Rocha,W-Maia,L/Sao Paulo,1999/EXT 2000 (1-0)(Hindemburg,Melao)(45)}
) 14... Qb6 $5 $146 {[%csl Yb6][%cal Yb6d4][%mdl 8] Black's plan is: Rfe8,
Nd5-e3(קe3)} (14... Nd5 $143 {(Rodriguez,Am:''Going immediately for the e3
hole is probably not the best continuation.'') See comments to David,A-Simonet
Pons,M/Escaldes,1998/CBM 68 (1/2-1/2)(Rodriguez,Am) (80)}) (14... Re8 $143 15.
Bb2 Nd5 16. Qd2 Ne3 17. Rf2 Bg6 18. b5 $2 (18. Bxg6 $5 hxg6 $140 19. Nxd4 $16)
18... Qb6 $132 {Szalanczy,E-Pinter,G/Budapest,1998(1-0)(40)}) 15. Nf4 $1 {
Why to not receive advantage of two bishops?} Bg6 16. Nxg6 hxg6 17. f4 $14 {
[%csl Re5,Yf4][%cal Yf4e5,Gd1f3]} Ne7 {[%cal Ge7d5,Ge7f5,Gf5e3,Gd5e3]} ({
Also white has a positional advantage,after:} 17... Rfe8 18. Qf3 Ne7 {[%cal
Ge7f5,Gf5e3]} 19. Re1 Nf5 20. Re5 $14) 18. Qf3 Ned5 19. Re1 Rfe8 $6 ({Can be
recommended:} 19... a5 $5 20. Re5 Rfd8 $14) 20. Bd2 {[%csl Gd2,Gd3] The white
bishops supervise all board, and black have remained now without counterplay.}
Qc7 21. Kh1 Qd6 22. f5 ({Pretty dubious:} 22. g4 {in view of:} Ne3 {[%csl Rh1]}
) 22... gxf5 23. Bxf5 {[%csl Gd2,Gf5][%cal Gd2h6,Gf5h7,Gf5d3,Gd2c1]} g6 $6 {
The not compelled easing of the king side!} (23... Qb6 $142 $14 {[%csl Yb6]
[%cal Gd5e3]}) 24. Bd3 Kg7 25. h3 Rh8 (25... Rac8 $5) 26. Rf1 {[%csl Gf1,Gf3,
Rf7]} Rae8 27. Rae1 Rxe1 28. Rxe1 {After exchange of the heavy pieces,it will
be easy to reach up to weakness of black.} Rh5 ({Impossibly:} 28... Re8 $2 {
because of:} 29. Rxe8 Nxe8 30. Qe4 {[%csl Rd4,Re8]}) 29. Kg1 (29. Qf2 $143 {
[%csl Rd4]} Nc3 $140 30. Bxc3 dxc3 31. Qxa7 Ng4 32. Qg1 Qg3 $44) 29... Re5 30.
Qf2 {[%csl Rd4]} Qe7 (30... Rxe1+ $142 31. Qxe1 $140 Nf4) 31. Rxe5 Qxe5 32. Qf3
b6 33. Kf2 {White gradually strengthen the position and for black very
difficultly to find the necessary plan of protection.} Nc3 34. Qf4 Nce4+ 35.
Kg1 Qe6 (35... Qd5 $142 {[%csl Yd5][%cal Yd5e4,Yd5d4]}) 36. Bc1 {[%csl Rd4]
[%cal Gc1b2]} a5 $2 {Black allow transfer of the white's bishop on the best
position "b2".} ({It is necessary:} 36... Nc3 $5 {[%cal Ge6e1]}) 37. Bb2 $16 {
[%csl Rd4]} Qd5 38. Qc7 $1 {[%csl Ra5,Rb6,Gc7,Rf7][%cal Gd3c4]} ({Not clearly
or it is enough for a win:} 38. bxa5 bxa5 39. Bxe4 Nxe4 40. Qe3 {[%csl Rd4]}
Nc3 41. Bxc3 dxc3 42. Qxc3+ f6 $16) 38... Nc3 (38... axb4 $143 39. Bc4 $1 Qd7
$8 40. Qxd7 Nxd7 41. Bxd4+ Kf8 42. axb4 $18) 39. Bxc3 dxc3 40. Qxb6 $1 $18 {
[%csl Gb4]} axb4 41. axb4 (41. Qxb4 $6 Qe5 $132 {[%cal Ge5e1]}) 41... Qe5 42.
Qc5 Nd5 ({Leads to hopeless endgame:} 42... Qxc5+ 43. bxc5 Nd5 44. Kf2 Kf6 45.
Bc4 Nb4 46. Bb3 {[%csl Rc3,Rf7,Rg6][%cal Gf2e3,Ge3d4]}) 43. Bf1 {[%cal Gb4b5]}
f6 44. b5 Qe6 45. Qd4 {At disposal of black there is no useful move!} g5 46.
Bc4 Qe1+ 47. Kh2 Ne3 ({Also loses right away:} 47... Nf4 48. Qd7+ Kh6 49. Qf7
Qe5 50. Qf8+ Kh7 (50... Kg6 51. g3 $18) (50... Kh5 51. g3 $18) 51. g3 $18) 48.
Qd7+ Kh6 49. Bd3 {[%csl Rh6][%cal Gd7h7]} Nf1+ (49... f5 50. Qd6+ Kg7 51. b6 {
[%cal Gb6b7]}) 50. Bxf1 Qxf1 51. Qd6 $1 {[%csl Yd6][%cal Gb5b6,Yd6b8,Yd6h2,
Yd6b6] It is necessary to be exact up to the end!} g4 (51... Qxb5 $144 52.
Qxf6+ Kh7 $8 (52... Kh5 $4 53. g4+ Kh4 54. Qh6#) 53. Qxc3 $18) 52. hxg4 Qf2 53.
g5+ $1 Kh5 (53... Kxg5 $143 54. Qg3+) 54. Qd3 {[%csl Rf2,Rh5][%cal Gd3f3]} Qd2
55. Qf3+ Kxg5 56. b6 Kg6 (56... Qd6+ 57. Qg3+) 57. b7 {[%cal Gb7b8] Good
achievement of GM Alexander Galkin!} (57. b7 Qh6+ (57... Qd8 58. Qg3+) 58. Qh3
Qf4+ 59. Qg3+) 1-0

[Event "SWE-DEN"]
[Site "Skaenninge"]
[Date "1998.04.21"]
[Round "2"]
[White "Hector, Jonny"]
[Black "Hansen, Sune Berg"]
[Result "1-0"]
[WhiteElo "2505"]
[BlackElo "2480"]
[Annotator "Hansen,Cu"]
[PlyCount "77"]
[EventDate "1998.04.20"]
[EventType "team"]
[EventRounds "2"]
[EventCountry "SWE"]
[SourceTitle "CBM 065"]
[Source "ChessBase"]
[SourceDate "1998.08.06"]
[SourceVersion "1"]
[SourceVersionDate "1998.08.06"]
[SourceQuality "1"]

1. e4 {Golod,V} c5 2. Nf3 Nc6 3. Nc3 e6 4. d4 cxd4 5. Nxd4 Nf6 6. Be3 $6 (6.
Nxc6 $5 {Golod,V}) (6. Ndb5 $5 {Golod,V}) 6... Bb4 (6... a6 {Golod,V}) (6... d6
{Golod,V}) 7. Bd3 d5 8. Nxc6 bxc6 9. e5 {One of Hectors favorite lines} Nd7 (
9... d4 10. exf6 dxe3 11. fxg7 exf2+ 12. Kf1 Rg8 13. Qg4 Bxc3 14. bxc3 $13 {
Hector,Jonny-Sax,Gyula/Vejle SCA (05) 1994 (35)}) 10. Qg4 Bf8 (10... Qa5 $6 {
Golod,V} 11. O-O (11. Bd2 $143 g6 12. a3 Be7 13. f4 Rb8 14. O-O Rxb2 15. Kh1
Qc7 16. f5 $2 gxf5 17. Qh5 Nc5 18. Bf4 Qa5 $19 {0-1 Nikac,P-Vlahovic,S/JUG-ch
1991 (26)}) 11... g6 12. Bd2 Be7 $5 (12... O-O 13. Rae1 Rb8 14. h4 $40 f5 15.
exf6 Nxf6 16. Qg3 Rb7 17. a3 Be7 18. Bh6 Nh5 19. Qg4 Rf7 20. Bxg6 $18 hxg6 21.
Qxg6+ Ng7 22. Bxg7 Rxg7 23. Qe8+ Kh7 24. Re5 Bg5 25. hxg5 Bd7 26. Qh5+ Kg8 27.
Ne4 {1-0 Kovchan,A-Sebenik,M/EU-chJM U14 1996}) (12... Ba6 $5 13. Bxa6 Bxc3 14.
Bb7 $6 (14. Bxc3 $5) 14... Bxd2 15. Bxa8 Qb6 16. Qa4 Nxe5 17. Qb3 Kd7 18. Rfd1
Bh6 19. Bb7 Kc7 20. Qg3 Bg7 21. Re1 Kxb7 22. Rxe5 Bxe5 23. Qxe5 Rc8 $17 {
1/2-1/2 Delekta,P-Gustafsson,J/BL2-N9697 1997 (35)}) (12... Nxe5 $6 13. Qd4 f6
14. Ne4 $36 {Golod,V}) 13. Rfe1 Qc7 14. Bh6 $6 (14. Qg3 $14) 14... Nxe5 15. Qd4
f6 16. Qf4 Rb8 (16... Qb8 $1) 17. a3 g5 $5 18. Bxg5 fxg5 19. Qxe5 Qxe5 20. Rxe5
$17 {0-1 Nunez,A-Vasquez,R/Andorra op 1991 (32)}) 11. f4 (11. Bf4 $6 {Golod,V}
g6 12. O-O Bg7 13. Bg5 $2 (13. Rfe1 $5) 13... Nxe5 14. Qg3 f6 15. Bf4 Nxd3 16.
cxd3 e5 17. Rfe1 O-O $17 {0-1 Schroeder,B-Luckans,A/EU-chJM U14 1992 (29)}) (
11. Qg3 {Golod,V} g6 12. O-O Bg7 13. f4 O-O 14. Ne2 c5 15. c3 Qa5 16. Kh1 Ba6
$11 {Efler,D-Stulik,V/CZE-chT1a 1995/0-1 (50)}) 11... g6 (11... Qa5 $6 {Golod,V
} 12. O-O Qb4 {[%csl Rb2,Rg4][%cal Gd7e5]} 13. a3 Qxb2 14. Ne2 $1 (14. Bd4 $6
Qb8 15. Rab1 Qc7 16. Qg3 g6 17. h4 Bg7 18. h5 O-O 19. Qh4 c5 20. Nb5 Qc6 21.
Bf2 Ba6 22. Nd6 c4 23. Be2 Nxe5 $1 $17 {0-1 Connolly,S-Ellison,D/Isle of Man
op 1995 (44)}) 14... Qb7 15. Rab1 Qc7 16. Nd4 Nc5 (16... g6 $6 17. h4 Nc5 18.
h5 Ba6 19. Bxa6 Nxa6 20. c4 $36 {1-0 Ljungqvist,L-Muhring,W/Moscow olm 1956 
(30)}) 17. Be2 Bd7 18. c4 g6 19. Qf3 Ne4 20. cxd5 exd5 21. f5 gxf5 22. Nxf5
Bxf5 23. Qxf5 $36 {Spielmann,R-Teichmann,R/Ostende-B 1907/1-0 (46)}) (11... Rb8
$5 {Golod,V} 12. Rb1 $5 (12. Nd1 $6 Ba6 $6 (12... Qa5+ $5 13. Kf2 (13. Bd2 $2
Qb6 $1 {[%cal Gb6g1]} 14. Qg3 Nc5 15. b3 Nxd3+ 16. cxd3 Ba6 17. Rc1 f5 18. Rc2
Kf7 19. Qe3 Qxe3+ 20. Nxe3 c5 $15 {0-1 Mitkov,N-Illescas Cordoba,M/ESP-chT
1997 (32)}) 13... f5 $5 14. Qh5+ $6 (14. exf6 $142) 14... g6 15. Qe2 Nc5 16.
Bxc5 Qxc5+ 17. Kf1 Qb6 18. Rc1 c5 19. c4 d4 $17 {0-1 Kuijf,M-Winants,L/Wijk-B
1987 (46)}) 13. O-O Bxd3 14. cxd3 c5 15. b3 g6 16. Nb2 Qa5 17. Qe2 Be7 18. Qf2
O-O 19. Na4 Rfc8 20. Rac1 Rc6 $11 {Spielmann,R-Janowsky,D/Semmering 1926/1-0 
(49)}) 12... c5 13. Bf2 g6 14. O-O Be7 15. Rbe1 $5 Rxb2 16. f5 $13 {Kubala,
J-Pokorna,R/SVK-chT 9697 1997/0-1 (52)}) (11... c5 $6 {Golod,V} 12. Bd2 Qb6 13.
a4 $5 (13. b3 Bb7 14. Nd1 g6 15. Ne3 Bg7 16. c4 h5 17. Qg5 d4 18. Nd1 Bf8 $11 {
0-1 Lankes,E-Haecker,J/OLWuert 1992 (57)}) 13... a6 14. a5 Qa7 15. Be2 Rb8 16.
b3 g6 17. O-O h5 18. Qh3 c4+ 19. Kh1 $13 {1-0 Parado,D-Prange,S/NRW-II 1990 
(34)}) (11... f5 $5 {Golod,V} 12. exf6 (12. Qg3 $142) 12... Nxf6 13. Qf3 Bd6
14. O-O O-O 15. Bd4 c5 $1 16. Be5 (16. Bxf6 $6 Rxf6 $8 17. Nxd5 $140 $2 exd5
18. Qxd5+ Be6 $19) 16... c4 $1 $17 {0-1 Dietrich,F-Kunz,W/TSV Willsbach 1997 
(29)}) 12. O-O (12. Ne2 $143 {Golod,V} Ba6 $1 13. Bxa6 Qa5+ 14. c3 Qxa6 15. O-O
Qd3 (15... Rb8 $5) 16. Qf3 Bc5 17. Nd4 Bxd4 18. cxd4 O-O 19. Rfd1 Qb5 20. Qf2
Rfc8 21. Rac1 Rc7 $14 {Zarkovic,D-Pokorna,R/EU-chJW U14 1995/0-1 (59)}) 12...
Bc5 (12... Bg7 $5 {Golod,V} 13. Rae1 (13. Ne2 $143 c5 14. c3 O-O 15. Bb5 Qe7
16. Bc6 Rb8 17. b4 d4 $1 18. cxd4 cxb4 19. Rfc1 Nb6 20. Ng3 Rd8 21. Bf2 f5 $1
$15 {0-1 Ghate,S-Trofimova,O/WchJW-U18 1995 (38)}) 13... O-O 14. h4 a5 15. h5
Ba6 16. hxg6 hxg6 17. Bxa6 Rxa6 18. Nd1 $11 {Molnar,E-Szakolczai,P/HUN-chT1
1995/1/2-1/2 (90)}) 13. Bxc5 Nxc5 14. Kh1 Rb8 (14... Nxd3 $5 {Golod,V} 15. cxd3
Rb8) 15. Rab1 (15. Nd1 $143 {Golod,V} O-O {/\f6}) 15... a5 (15... f5 {Golod,V}
16. Qe2 (16. Qg3 $5) 16... O-O 17. b4 Nd7 18. Na4 Qe7 19. a3 c5 20. c3 Bb7 21.
Bb5 $14 {Guenther,C-Ohst,H/NRW-II 1988/0-1 (59)}) 16. Ne2 {Where is black
going to place his K and what will  he do with Bc8 ?} f5 (16... Qb6 $5 {Golod,V
}) 17. Qg3 O-O (17... Qb6 $5 {Golod,V}) 18. b3 {/\Rbd1;><d4} Ne4 $2 {A serious
positional mistake in my opinion. Black is left with his bad B and a lot of
weak black squares} (18... Ba6 $142 19. Nd4 (19. Bxa6 Nxa6 20. Nd4 Qd7 $11)
19... Qb6 $11) (18... Qb6 $142 {Golod,V}) 19. Bxe4 (19. Qe3 $2 {Golod,V} Qb6 $1
20. Qxb6 Rxb6 21. Rbd1 Ba6 $15) 19... fxe4 {[%csl Rc5,Rc8]} (19... dxe4 $2 {
Golod,V} 20. Rfd1 Qe7 21. Rd6 $16) 20. Rbd1 Kh8 (20... Qc7 $5 {Golod,V} 21. c4
$6 (21. Rfe1 $142) 21... dxc4 22. bxc4 Rb2 23. Nc3 Ba6 24. Nxe4 Bxc4 25. Rf2
Rd8 $1 $13) (20... Qe8 $5 {[%cal Ye8g6,Ye8e6,Ye8c6,Ga5a4] Golod,V}) 21. c4 {
Black has a lot of center-Ps but no dynamic posibilities.} a4 (21... Qb6 $5 {
Golod,V}) 22. Nd4 Qd7 (22... Qe8 {Golod,V} 23. Qc3 c5 $1 24. Nb5 axb3 25. axb3
Qc6 $13) 23. Qc3 (23. c5 $6 {Golod,V} axb3 24. axb3 Ra8 $1 {[%cal Ga8a1]}) (23.
cxd5 $5 {Golod,V} cxd5 24. bxa4 Qxa4 25. Rd2 $11) 23... axb3 (23... c5 24. Nxe6
(24. Nb5 $6 axb3 25. axb3 d4 26. Qe1 Ba6 (26... e3 $5 27. b4 Rxb5 28. cxb5 Qxb5
$15) 27. Qxe4 Bxb5 28. cxb5 Rxb5 $15) 24... Qxe6 25. cxd5 {looks promising for
white. But the situation is a bit messy so maybe it was blacks best chance
anyway} (25. cxd5 {Golod,V} Qe8 26. e6+ Kg8 27. Qe5 $13)) 24. axb3 Kg8 (24...
c5 $5 $13 {Golod,V -23...c5!?}) 25. cxd5 cxd5 26. Ra1 $16 {[%csl Gd4][%cal
Ya1a8]} Rb6 27. Ra8 Qb7 (27... Ba6 $6 {Golod,V} 28. Rxf8+ Kxf8 29. Qc5+ Kf7 30.
Qxb6 (30. Ra1 $6 Qb7) 30... Bxf1 31. Kg1 Bd3 32. Qb8 Kg7 (32... e3 $2 33. Qh8
$16) 33. Kf2 Qe7 $14) (27... Ra6 $5 {Golod,V} 28. Rb8 (28. Rxa6 $2 Bxa6 $15 {
[%csl Rf1,Rf4][%cal Ga6f1,Gf8f4]}) 28... Rd8) 28. Rfa1 {/\R1a7} Bd7 (28... Rb4
$4 {Golod,V} 29. R1a7 Qb6 (29... Rxd4 $8 30. Qxd4 Qxb3 31. Rc7 $18) 30. Qxc8
$18) (28... Qd7 $4 {Golod,V} 29. Qc5 Rb7 30. Rc1 $18) 29. R8a7 Qc8 30. Rc7 $18
Qe8 (30... Qd8 {Golod,V} 31. Qc5 Rb8 32. Qd6 $14) 31. g3 Rb8 32. Raa7 {[%cal
Ya7h7]} Rc8 (32... Rf7 $142 {Golod,V} 33. b4) 33. Kg2 (33. Nb5 $1 {[%csl Rc8,
Re8][%cal Gb5d6] Golod,V ><c3;/\Rd7} Rxc7 (33... Bxb5 $4 34. Rg7+ Kh8 35. Rxh7+
Kg8 36. Rag7#) 34. Qxc7 e3 35. Kg1 $1 g5 36. Qxd7 Qxd7 37. Rxd7 gxf4 38. Nd4 $1
$18) 33... g5 $2 (33... Rxc7 $142 {Golod,V} 34. Rxc7 $5 {+/=/+/-} (34. Qxc7 $6
Rf7 35. b4 Bc8 36. Qxf7+ (36. Qb8 Rxa7 37. Qxa7 Bd7 $14) 36... Qxf7 37. Rxf7
Kxf7 $14)) 34. f5 $1 exf5 (34... Rxc7 {Golod,V} 35. Qxc7 Rf7 36. f6 $1 $16) (
34... g4 $5 {Golod,V} 35. fxe6 Rxc7 (35... Qh5 $1 36. Kg1 Qh3 37. Qc1 $18) 36.
Qxc7 Qh5 37. Ne2 $1 e3 (37... Qh3+ 38. Kh1 Rf1+ 39. Ng1 $18) 38. Nf4 Rxf4 39.
gxf4 e2 (39... Qh3+ 40. Kg1 $18) 40. Qc3 $18 (40. Ra8+ Kg7 $8 (40... Be8 41.
Qf7+ $1 Qxf7 42. exf7+ Kxf7 43. Kf2 $18) 41. Qxd7+ Kh6 $16)) 35. e6 f4 (35...
Rxc7 {Golod,V} 36. Qxc7) (35... e3 {Golod,V} 36. exd7 Qe4+ 37. Nf3 Rcd8 (37...
Rxc7 38. Rxc7 g4 39. Qg7+ $3 Kxg7 40. d8=Q+ Rf7 $8 41. Qg5+ Kf8 42. Rc8+ $18)
38. Ra4 $18) 36. Nf5 f3+ 37. Kh1 Rxf5 (37... d4 {Golod,V} 38. Qxd4 Rxf5 39.
exd7) 38. exd7 Qxd7 39. Rxc8+ 1-0

[Event "Excelsior Cup"]
[Site "Gothenburg"]
[Date "2004.01.14"]
[Round "7"]
[White "Berg, Emanuel"]
[Black "Bellon Lopez, Juan Manuel"]
[Result "1-0"]
[WhiteElo "2495"]
[BlackElo "2429"]
[Annotator "Hecht,H"]
[PlyCount "111"]
[EventDate "2004.01.06"]
[EventType "tourn"]
[EventRounds "9"]
[EventCountry "SWE"]
[EventCategory "9"]
[SourceTitle "CBM 099"]
[Source "ChessBase"]
[SourceDate "2004.03.30"]
[SourceVersion "1"]
[SourceVersionDate "2004.03.30"]
[SourceQuality "1"]

1. e4 c5 2. Nf3 e6 3. d4 cxd4 4. Nxd4 Nf6 5. Nc3 Nc6 6. Ndb5 Bc5 7. Bf4 O-O 8.
Bc7 Qe7 9. Bd6 Bxd6 10. Qxd6 Ne8 11. Qxe7 Nxe7 12. O-O-O f5 13. Nd6 Nxd6 14.
Rxd6 fxe4 15. Nxe4 Nf5 16. Rd2 d5 17. Ng5 Nh4 18. g3 Nf3 19. Nxf3 Rxf3 20. Bg2
Rf6 21. c4 b6 22. cxd5 Bb7 23. f4 Rc8+ 24. Kb1 h5 25. Re1 exd5 26. Re7 Bc6 27.
Bxd5+ Kf8 28. Re5 Rd8 29. Kc1 h4 30. Rh5 Rdd6 31. Bxc6 Rxc6+ 32. Kd1 hxg3 33.
hxg3 Rg6 34. Rd7 Kg8 35. Rxa7 Rxg3 36. Rg5 Rd6+ 37. Kc2 Rc6+ 38. Kd2 Rd6+ 39.
Ke2 Re6+ 40. Kd2 Rd6+ 41. Kc2 Rc6+ 42. Kb1 Rxg5 43. fxg5 Kh7 44. b4 Rg6 45. Rb7
Rxg5 46. Rxb6 Rf5 47. Kc2 g5 48. Rd6 g4 49. Rd3 Rf2+ $2 {Indulges himself with
individual actions. The logical way was to support the passed pawn from behind
while the black king takes care of the white passed pawns. Gefällt sich in
Einzelaktionen. Der logische Weg war die Unterstützung des Freibauern durch
den Turm von hinten, während sich der schwarze König mit den weißen Freibauern
befasst.} (49... Rg5 $1 50. Rg3 Kg6 51. Kd3 Kf5 52. a4 Ke5 53. Ke3 Rg8 54. b5
Kd5 55. Kf4 Ra8 56. Ra3 Kc5 57. Kxg4 Kb4 58. Ra1 Ka5 59. Kf5 Re8 {and even if
there is a win here in spite of the blockade and exclusion of the king, this
rock-solid defence is the only correct one! und selbst wenn es hier trotz
Blockade und Königssperre einen Gewinn gibt, war diese in Beton gegossene
Verteidigung die einzig senkrechte!}) 50. Kb3 Kg6 51. a4 Kf5 52. a5 Ke4 53. Rd8
Rf3+ 54. Ka4 Rf1 55. Rg8 Rg1 {From the point of view of the defender, this is
exactly what should not happen. White has perfect freedom and the black passed
pawn has not yet moved.  Genau so durfte es aus Sicht des Verteidigers nicht
kommen, denn Weiß hat alle Freiheiten, und der schwarze Freibauer hat sich
auch noch nicht bewegt.} 56. Kb5 1-0

[Event "Hoogovens op"]
[Site "Wijk aan Zee"]
[Date "1995.01.??"]
[Round "10"]
[White "Van der Wiel, John"]
[Black "Romero Holmes, Alfonso"]
[Result "1/2-1/2"]
[WhiteElo "2570"]
[BlackElo "2455"]
[Annotator "Horvath,Ta"]
[PlyCount "66"]
[EventDate "1995.01.??"]
[EventType "swiss"]
[EventRounds "12"]
[EventCountry "NED"]
[SourceTitle "CBM 046"]
[Source "ChessBase"]
[SourceDate "1995.06.01"]
[SourceVersion "1"]
[SourceVersionDate "1995.06.01"]
[SourceQuality "1"]

1. e4 c5 2. Nf3 Nc6 3. d4 cxd4 4. Nxd4 Nf6 5. Nc3 e6 6. Nxc6 bxc6 7. e5 Nd5 8.
Ne4 Qc7 9. f4 Qa5+ 10. c3 (10. Kf2 $6 Qb6+ 11. Kf3 f5 {=>CBM45/Ivanovic-Vukic/
Yugoslavia/ch./1994} (11... Bb7 12. c4 f5 13. Nf2 Nb4 14. Be2 c5+ 15. Kg3 d6 $1
16. exd6 O-O-O $1 $15 {Campora-Levin/Candas open/1992})) (10. Qd2 Qb6 11. Bd3 (
11. a3 f5 12. exf6 Nxf6 13. Nxf6+ gxf6 14. Qc3 Be7 15. Be3 c5 $13 {
Ghinda-Haritakis/Konotini/1993}) (11. Nd6+ Bxd6 12. exd6 c5 13. Be2 Bb7 14. O-O
Nf6 15. f5 Ne4 $15 {Sirbu-Skripcenko/Romania/ch./1993}) 11... f5 $6 (11... Be7
12. Qe2 (12. c4 $6 f5 13. Nc3 $8 Nxc3 14. bxc3 Bc5 $15) 12... O-O 13. c4 f5 14.
cxd5 fxe4 15. Qxe4 Qb4+ 16. Qxb4 Bxb4+ 17. Bd2 Bxd2+ 18. Kxd2 cxd5 $10 {
Simic-Jelen/Bled/1993}) 12. exf6 Nxf6 13. Nxf6+ gxf6 14. Qe2 $14 {
Dolmatov-Chekhov/UdSSR/1992}) (10. Bd2 Qb6 11. Bd3 Be7 (11... Ba6 12. Bxa6 Qxa6
13. Qe2 Qxe2+ (13... Qb6 14. c4 Qxb2 15. O-O Nb6 16. Kh1 Qd4 $13 {Emms-Wagner/
Paris-London/1994}) 14. Kxe2 f5 15. Nf2 $10 {Fedorov-Kozlov/Voskresenk/1993})
12. Rb1 (12. Qg4 $2 O-O 13. Ng5 f5 14. Qh5 Bxg5 15. Qxg5 Ba6 16. Qg3 Qxb2 $17 {
Kozamernik-Davic/Bled/1994}) (12. c4 Qd4 {=>Ivanov-Benjamin/USA/ch./1994/CBM44}
) 12... Ba6 13. Qe2 Bxd3 14. Qxd3 f5 $1 $13 {Yudasin-Kramnik/Wijk aan Zee/1994}
) 10... Be7 (10... Ba6 11. Bxa6 Qxa6 12. Qe2 (12. b3 $6 O-O-O $1 13. c4 Bb4+
14. Bd2 $2 (14. Kf2 Nc3 15. Qd3 Nxe4+ 16. Qxe4 Bc3 $15) 14... Ne3 15. Qe2 Nc2+
16. Kf2 d5 $1 $17 {Hector-Kharlov/Haninge/1992}) 12... Qxe2+ 13. Kxe2 f5 14.
Nf2 d6 (14... a5 15. Nd3 Be7 16. Bd2 Kf7 $10 {Nijboer-Rogozenko/Debrecen/1992})
15. Nd3 c5 $10 {Chandler-Horvath,T/BL.Solingen-Tübingen/1995}) 11. Bd3 Qb6 (
11... f5 12. exf6 Nxf6 13. O-O Ba6 14. Nxf6+ Bxf6 15. Bxa6 Qxa6 $10 {
Landa-Kozlov/Budapest/1991}) 12. Qe2 O-O (12... Bb7 13. c4 f5 14. Nd6+ Bxd6 15.
exd6 Nf6 16. Be3 Qb4+ 17. Bd2 Qb6 $10 {Howell-Krasenkov/Hastings/1993}) 13. c4
f5 14. cxd5 fxe4 15. Qxe4 Qb4+ 16. Qxb4 Bxb4+ 17. Bd2 Bxd2+ 18. Kxd2 cxd5 $10
19. g3 a5 20. Rhc1 (20. Rac1 Rb8 $1 21. b3 Rb4 22. Rc7 Rd8 23. Rhc1 Bb7 {
/\Bc6;a4=}) 20... g5 $1 21. Rc7 gxf4 22. gxf4 Rxf4 23. Rg1+ Kh8 24. Rf1 Rxf1
25. Bxf1 Kg7 26. Bb5 Kf7 27. Ke3 Ke7 28. Kf4 Kd8 29. Rc3 Ba6 30. Rg3 Kc7 31.
Rc3+ Kd8 32. Rg3 Kc7 33. Rc3+ Kd8 1/2-1/2

[Event "YUG-ch"]
[Site "Tivat"]
[Date "1994.??.??"]
[Round "6"]
[White "Matulovic, Milan"]
[Black "Vukic, Milan"]
[Result "1/2-1/2"]
[WhiteElo "2460"]
[BlackElo "2425"]
[Annotator "Horvath,Ta"]
[PlyCount "33"]
[EventDate "1994.03.??"]
[EventType "tourn"]
[EventRounds "13"]
[EventCountry "YUG"]
[EventCategory "10"]
[SourceTitle "CBM 043"]
[Source "ChessBase"]
[SourceDate "1994.12.01"]
[SourceVersion "1"]
[SourceVersionDate "1994.12.01"]
[SourceQuality "1"]

1. e4 c5 2. Nc3 Nc6 3. Nf3 e6 4. d4 cxd4 5. Nxd4 Nf6 6. Nxc6 bxc6 7. e5 Nd5 8.
Ne4 Qc7 9. f4 Qb6 10. c4 Ne3 11. Qd3 Nf5 12. g4 Nd4 13. b3 Bb7 (13... h5 14.
Bb2 $1 c5 15. g5 $14) 14. Bg2 $5 Rd8 15. Bb2 c5 16. O-O-O d5 17. cxd5 $16 (17.
cxd5 Bxd5 18. Kb1 Nc6 (18... Be7 $2 19. f5 exf5 20. gxf5 Nxf5 21. Nd6+ $18) 19.
Qe3 $16 {/\ f5}) 1/2-1/2